LEADER 00478nab a2200133 i 4500 001 000000321312 003 CaOOAMICUS 005 20180831173343.0 008 180831n it uu u0 0ita r 013 $a31542 040 $aSeMil$bita 245 10$a«In mezzo» ai ragazzi, propio come don Bosco. - In [rubrica] :$bSpeciale. 773 0 $tDon Bosco è qui.$gp.6-7$w()280445 996 $6245$a«In mezzo» ai ragazzi, propio come don Bosco. - In [rubrica] :$bSpeciale.$9(OLS)http://semarc/title/394864 LEADER 00620nab a2200133 i 4500 001 000000329403 003 CaOOAMICUS 005 20180831173619.0 008 180831n it uu u0 0ita r 013 $a41063 040 $aSeMil$bita 245 10$aDon Franco Annoni (1928-2017) ; Don Lino (Achille) Gavazzotti (1932-2017) ; Don Giovanni Tavecchia (1925-2017). - In [rubrica] :$bLa Fiaccola ricorda. 773 0 $tNatale.$gp.30-$w()291740 996 $6245$aDon Franco Annoni (1928-2017) ; Don Lino (Achille) Gavazzotti (1932-2017) ; Don Giovanni Tavecchia (1925-2017). - In [rubrica] :$bLa Fiaccola ricorda.$9(OLS)http://semarc/title/417900